00515nam a2200205 a 4500001001300000003000900013005001700022008004100039020001000080082001900090100002800109245001800137260004000155300000900195500003500204505001000239650001600249650001600265700002800281nice12345678IN_TiNIC20260116011750.0050524s1930 luca grp 000 0 urd  ac10000a891.4391bSUR2 aSuraiyya, Mohd Taqi Ali aShahab-E-Gham aLucknowbIshaatul Uloom Pressc1930 a232p aincludes index and biblioraphy2 aIndex aUrdu-Poetry aPoetry-Shia1 aSuraiyya, Mohd Taqi Ali